00373nam a22001337a 450000500170000000800410001704100130005808200120007110000120008324500420009526000470013730000300018465000250021420240808100547.0240808b |||||||| |||| 00| 0 eng d aEnglish  a349 SOU lEnglish aSouth African Law Reports: Transvaal  aCape Town: bJuta and Company Ltd, c1940  bxvi, 289 pages; c25 cm.  aLegal practice bLaw